000
00319nam a2200109Ia 4500
008
200302s9999 xx 000 0 und d
100
_a
M. Holmes and L. H. Martin
245
_a
Analysis and Design of Structural Connections Reinforced Concrete & steel
260
_b
Ellis Horwood Ltd.
260
_c
1983
300
_a
269 P.,
999
_c
2003
_d
2003